Into the promised land: Modelling the role of take-up agents in realizing welfare rights (Record no. 520373)

000 -LEADER
fixed length control field 01531nam a22001577a 4500
008 - FIXED-LENGTH DATA ELEMENTS--GENERAL INFORMATION
fixed length control field 220912b ||||| |||| 00| 0 eng d
100 ## - MAIN ENTRY--PERSONAL NAME
Personal name Holler, Roni and Benish, Avishai
245 ## - TITLE STATEMENT
Title Into the promised land: Modelling the role of take-up agents in realizing welfare rights
260 ## - PUBLICATION, DISTRIBUTION, ETC. (IMPRINT)
Place of publication, distribution, etc Social Policy and Society
300 ## - PHYSICAL DESCRIPTION
Extent 21(2), Apr, 2022: p.157-171
520 ## - SUMMARY, ETC.
Summary, etc Throughout the years, social policy scholars have advanced a multi-level perspective of non-take-up, viewing it as is a complex process shaped by a broad range of interacting barriers and actors. However, a comparatively small amount of that scholarship has addressed the key role of take-up agents: professionals or semi-professionals who actively help clients realise their welfare rights. Moreover, most of this scant literature has tended to focus on the agents’ impact rather than on their role and practices. Drawing on semi-structured interviews with Israeli take-up agents from the public, business, and non-profit sectors, this study seeks to understand better the work of take-up agents in realising their clients’ welfare rights. Our findings show that in order to pass their clients through the gateways of welfare, agents use four keys: knowledge, networking, emotions, and power. The meaning of these keys and related practices is discussed. – Reproduced
650 ## - SUBJECT ADDED ENTRY--TOPICAL TERM
Topical term or geographic name as entry element Take-up agents, Welfare rights, Benefits, Israeli welfare state.
9 (RLIN) 32797
773 ## - HOST ITEM ENTRY
Main entry heading Social Policy and Society
906 ## - LOCAL DATA ELEMENT F, LDF (RLIN)
Subject DIP WELFARE RIGHTS
942 ## - ADDED ENTRY ELEMENTS (KOHA)
Item type Articles
Holdings
Withdrawn status Lost status Source of classification or shelving scheme Damaged status Not for loan Permanent location Current location Date acquired Serial Enumeration / chronology Barcode Date last seen Koha item type
          Indian Institute of Public Administration Indian Institute of Public Administration 2022-09-12 21(2), Apr, 2022: p.157-171 AR126967 2022-09-12 Articles

Powered by Koha